000
00342nam a2200145Ia 4500
008
150201s2010 xx 000 0 und d
082
_a
611
_b
A10K
100
_a
KURANA , INDU
245
_a
TB. OF ANATOMY & PHYSIOLOGY FOR NURSES
250
_a
1ST
260
_b
CBS
_a
DELHI
_c
2010
300
_a
512
650
_a
ANATOMY
942
_2
ddc
_c
BK
_0
60
999
_c
2060
_d
2060